Southville International School and Colleges
Your cart is empty.
  • Cart
  • Lists
    Public lists Eva Luna New books Lux_list list_1
    Your lists Log in to create your own lists
  • Log in to your account
  • Your cookies
  • Search history
Southville International School and Colleges
  • Advanced search
  • Recent comments
  • Most popular
  • Libraries

Log in to your account

Log in with GOOGLE


If you do not have an external account, but do have a local account, you can still log in:

  1. Home
  2. MARC view: Mosby's dictionary of medicine, nursing & health professions /
Normal view MARC view ISBD view

Mosby's dictionary of medicine, nursing & health professions / (Record no. 13701)

[ view plain ]
MARC details
000 -LEADER
fixed length control field 01112cam a22003014a 4500
003 - CONTROL NUMBER IDENTIFIER
control field OSt
005 - DATE AND TIME OF LATEST TRANSACTION
control field 20140310182453.0
008 - FIXED-LENGTH DATA ELEMENTS--GENERAL INFORMATION
fixed length control field 080424s2009 moua d 000 0 eng
020 ## - INTERNATIONAL STANDARD BOOK NUMBER
International Standard Book Number 9780323049375 (pbk. : alk. paper)
020 ## - INTERNATIONAL STANDARD BOOK NUMBER
International Standard Book Number 0323049370 (pbk. : alk. paper)
050 00 - LIBRARY OF CONGRESS CALL NUMBER
Classification number R 121
Item number .M89 2009
245 00 - TITLE STATEMENT
Title Mosby's dictionary of medicine, nursing & health professions /
246 3# - VARYING FORM OF TITLE
Title proper/short title Mosby's dictionary of medicine, nursing and health professions
246 30 - VARYING FORM OF TITLE
Title proper/short title Dictionary of medicine, nursing & health professions
250 ## - EDITION STATEMENT
Edition statement 8th ed.
260 ## - PUBLICATION, DISTRIBUTION, ETC. (IMPRINT)
Place of publication, distribution, etc St. Louis, Mo. :
Name of publisher, distributor, etc Mosby/Elsevier,
Date of publication, distribution, etc c2009.
300 ## - PHYSICAL DESCRIPTION
Extent 2185 p. :
Other physical details col. ill. ;
Dimensions 26 cm.
650 #0 - SUBJECT ADDED ENTRY--TOPICAL TERM
Topical term or geographic name as entry element Medicine
Form subdivision Dictionaries.
9 (RLIN) 8214
650 #0 - SUBJECT ADDED ENTRY--TOPICAL TERM
Topical term or geographic name as entry element Nursing
Form subdivision Dictionaries.
9 (RLIN) 8215
650 12 - SUBJECT ADDED ENTRY--TOPICAL TERM
Topical term or geographic name as entry element Medicine
Form subdivision Dictionary
General subdivision English.
9 (RLIN) 8216
650 22 - SUBJECT ADDED ENTRY--TOPICAL TERM
Topical term or geographic name as entry element Allied Health Occupations
Form subdivision Dictionary
General subdivision English.
9 (RLIN) 8217
650 22 - SUBJECT ADDED ENTRY--TOPICAL TERM
Topical term or geographic name as entry element Nursing
Form subdivision Dictionary
General subdivision English.
9 (RLIN) 8218
710 2# - ADDED ENTRY--CORPORATE NAME
Corporate name or jurisdiction name as entry element Mosby, Inc.
9 (RLIN) 8219
856 41 - ELECTRONIC LOCATION AND ACCESS
Materials specified Table of contents only
Uniform Resource Identifier <a href="http://www.loc.gov/catdir/toc/ecip0817/2008018965.html">http://www.loc.gov/catdir/toc/ecip0817/2008018965.html</a>
942 ## - ADDED ENTRY ELEMENTS (KOHA)
Source of classification or shelving scheme Library of Congress Classification
Koha item type
Holdings
Withdrawn status Lost status Source of classification or shelving scheme Damaged status Home library Current library Shelving location Date acquired Total Checkouts Full call number Barcode Date last seen Copy number Price effective from Koha item type
    Library of Congress Classification   South SEED-LPDH College Library South SEED-LPDH College Library South SEED-LPDH College Section 08/06/2013   R 121 .M89 2009 SSLC0602 04/20/2017 1 08/06/2013 Books
    Library of Congress Classification   South SEED-LPDH College Library South SEED-LPDH College Library South SEED-LPDH College Section 08/06/2013   R 121 .M89 2009 SSLC0224 04/20/2017 1 08/06/2013 Books

Mosby's dictionary of medicine, nursing & health professions /

APA

Mosby I., . (2009). Mosby's dictionary of medicine, nursing & health professions. St. Louis, Mo: Mosby/Elsevier.

Chicago

Mosby Inc, . 2009. Mosby's dictionary of medicine, nursing & health professions. St. Louis, Mo: Mosby/Elsevier.

Harvard

Mosby I., . (2009). Mosby's dictionary of medicine, nursing & health professions. St. Louis, Mo: Mosby/Elsevier.

MLA

Mosby Inc, . Mosby's dictionary of medicine, nursing & health professions. St. Louis, Mo: Mosby/Elsevier. 2009.

  • Place hold
  • Print
  • Cite
  • Add to your cart (remove)
  • Save record
    BIBTEX Dublin Core MARCXML MARC (non-Unicode/MARC-8) MARC (Unicode/UTF-8) MARC (Unicode/UTF-8, Standard) MODS (XML) RIS
  • More searches
    Search for this title in:
    Other Libraries (WorldCat) Other Databases (Google Scholar) Online Stores (Bookfinder.com) Open Library (openlibrary.org)

Exporting to Dublin Core...

SOUTHVILLE LIBRARY

Southville International School and Colleges Library

1281 Tropical Ave. Cor. Luxembourg St., BF Homes International, Las Pinas City

Tel. No. 8256374 / 252358 Loc. 117/146

Powered by Koha